| 000 | 01515nam a2200409 i 4500 | ||
|---|---|---|---|
| 001 | 54410 | ||
| 003 | KOSZ 005 | ||
| 005 | 20221215082514.0 | ||
| 008 | 060130s2005 pl a f |000 0 pol | ||
| 015 | _aPB 2006/10613 | ||
| 020 | _a8373352899 | ||
| 040 |
_cWA N _aWA N _dKOSZ 005/HR |
||
| 046 | _k2005 | ||
| 080 | _a005.51 | ||
| 080 | _a658.7 | ||
| 080 | _a(075.8) | ||
| 100 | 1 |
_aBendkowski, Józef _d(1933- ) _eAutor |
|
| 245 | 1 | 0 |
_aLogistyka zaopatrzenia w przedsiębiorstwie / _cJózef Bendkowski, Grażyna Radziejowska. |
| 260 |
_aGliwice : _bWydawnictwo Politechniki Śląskiej, _c2005. |
||
| 300 |
_a242, [2] s. : _bil. (w tym kolor.) ; _c24 cm. |
||
| 336 |
_2rdacontent _aTekst _btxt |
||
| 337 |
_2rdamedia _aBez urządzenia pośredniczącego _bn |
||
| 338 |
_2rdacarrier _aWolumin _bnc |
||
| 380 | _aKsiążki | ||
| 388 | _a2001- | ||
| 504 | _aBibliogr. przy rozdz. | ||
| 521 | 8 | _aDla studentów uczelni technicznych, kierunków kształcenia: zarządzanie i marketing oraz zarządzanie i inżynieria produkcji. | |
| 650 | 4 | _aLogistyka gospodarcza | |
| 650 | 4 | _aZaopatrzenie przedsiębiorstwa | |
| 655 | 4 | _aPodręczniki akademickie | |
| 658 | _aTransport i logistyka | ||
| 658 | _aZarządzanie i marketing | ||
| 700 | 1 |
_aRadziejowska, Grażyna _eAutor |
|
| 710 | 2 |
_aWydawnictwo Politechniki Śląskiej _4pbl. |
|
| 856 |
_uhttp://koha.tu.koszalin.pl/cgi-bin/koha/opac-detail.pl?biblionumber=54410 _yKatalog online BPK |
||
| 942 |
_2UKD _cKS |
||
| 999 |
_c54410 _d54410 |
||